Partiti politici nella XIX legislatura - Statistics

Statistiche generali
  • Questo quiz è stato fatto 138 volte
  • Il punteggio medio è 8 su 14
Statistiche sulle risposte
Numero di seggi Partito politico % Corretto
109 Partito Democratico
100%
184 Fratelli d'Italia
99%
96 Lega
99%
63 Forza Italia
97%
80 Movimento 5 Stelle
95%
9 Noi Moderati
59%
2 +Europa
58%
16 Alleanza Verdi Sinistra
56%
30 Azione-Italia Viva
42%
2 Sud Chiama Nord
20%
5 Südtiroler Volkspartei
16%
1 Union Valdôtaine
14%
1 Impegno Civico
12%
2 MAIE
11%
Nessun quiz corrispondente trovato
Distribuzione punteggi
Percentuale di utenti per punteggio
Percentile per numero di risposta
I tuoi punteggi nel tempo
Non hai fatto questo quiz